[Event "Gagra op"]
[Site "Gagra"]
[Date "2008.09.23"]
[Round "6"]
[White "Korolkov, Anatolij"]
[Black "Smelov, Aleksey"]
[Result "1-0"]
[WhiteElo "1976"]
[BlackElo "2184"]
[PlyCount "107"]
[EventDate "2008.09.18"]
[EventType "swiss"]
[EventRounds "9"]
[EventCountry "GEO"]
[SourceTitle "EXT 2011"]
[Source "ChessBase"]
[SourceDate "2010.11.26"]
[SourceVersion "1"]
[SourceVersionDate "2010.11.26"]
[SourceQuality "1"]

1. b4 Nf6 2. Bb2 d5 3. e3 Bg4 4. Be2 Bxe2 5. Qxe2 c6 6. a4 Nbd7 7. f4 e6 8. b5 c5 9. c4 Nb6 10. d3 Be7 11. a5 Nc8 12. Nd2 0-0 13. Ngf3 Nd7 14. 0-0 Nd6 15. e4 d4 16. a6 b6 17. Rae1 Rc8 18. Bc1 Re8 19. Qf2 Rc7 20. g4 e5 21. fxe5 Nxe5 22. Nxe5 Bh4 23. Qf4 Bg5 24. Qf3 Rxe5 25. Qg2 Bxd2 26. Bxd2 Re6 27. Bf4 Rg6 28. Rf3 Re7 29. Qg3 Ne8 30. h3 h5 31. g5 Nf6 32. Kh2 Nh7 33. Qh4 f6 34. Qxh5 Nxg5 35. Rg3 Rh6 36. Qg4 Rh7 37. Bxg5 fxg5 38. Qxg5 Qf8 39. Reg1 Rf7 40. R1g2 Kh8 41. Rg4 Rf3 42. R4g3 Rf4 43. Qe5 Rf2 44. Rxf2 Qxf2+ 45. Rg2 Qf7 46. Qg3 Rh6 47. Rf2 Rf6 48. Qh4+ Kg8 49. Rxf6 gxf6 50. Qg4+ Kf8 51. Kg3 Qe7 52. Qf4 Qe8 53. Kf3 Qg6 54. Qg4 1-0

[Event "Chigorin Memorial-B 10th"]
[Site "St Petersburg"]
[Date "2002.10.28"]
[Round "4"]
[White "Arakelov, Ilya Sergeevich"]
[Black "Smelov, Aleksey"]
[Result "1-0"]
[WhiteElo "2377"]
[BlackElo "2212"]
[PlyCount "111"]
[EventDate "2002.10.25"]
[EventType "swiss"]
[EventRounds "9"]
[EventCountry "RUS"]
[SourceTitle "EXT 2003"]
[Source "ChessBase"]
[SourceDate "2002.11.25"]
[SourceVersion "1"]
[SourceVersionDate "2002.11.25"]
[SourceQuality "1"]

1. d4 f5 2. Bg5 g6 3. e3 Bg7 4. Nf3 Nf6 5. Bc4 d6 6. 0-0 e6 7. Nbd2 h6 8. Bxf6 Bxf6 9. e4 Nc6 10. Bxe6 Bxe6 11. d5 Bxd5 12. exd5 Ne7 13. c4 0-0 14. Qc2 c5 15. dxc6 bxc6 16. Rad1 Qb6 17. Nb3 c5 18. Rd2 Rab8 19. Re1 a5 20. Qd1 Nc8 21. Qe2 Rb7 22. h4 a4 23. Nc1 Qc6 24. h5 Re7 25. Qd1 Rxe1+ 26. Qxe1 Re8 27. Re2 Rxe2 28. Qxe2 Qe4 29. hxg6 Qxe2 30. Nxe2 Bxb2 31. Nh4 Nb6 32. Nxf5 Nxc4 33. Nf4 Nd2 34. Nxh6+ Kh8 35. Ne6 c4 36. Nf7+ Kg8 37. Nxd6 Be5 38. Nf5 a3 39. Ne3 c3 40. Nc2 Bd6 41. f4 Ne4 42. Kf1 Nf6 43. Ke2 Nd5 44. f5 Be5 45. g4 Nf6 46. Kf3 Nd7 47. g5 Bd6 48. Kg4 Nc5 49. Nxc5 Bxc5 50. f6 Bd6 51. Nd4 Bc5 52. Ne6 Bf8 53. Nd4 Bc5 54. f7+ Kh8 55. Ne6 Bf8 56. Nxf8 1-0

[Event "Chigorin Memorial 09th"]
[Site "St Petersburg"]
[Date "2001.10.28"]
[Round "3"]
[White "Timchenko, Aleksandr"]
[Black "Smelov, Aleksey"]
[Result "1-0"]
[WhiteElo "2102"]
[BlackElo "2258"]
[PlyCount "77"]
[EventDate "2001.10.26"]
[EventType "swiss"]
[EventRounds "9"]
[EventCountry "RUS"]
[SourceTitle "EXT 2002"]
[Source "ChessBase"]
[SourceDate "2001.11.25"]
[SourceVersion "1"]
[SourceVersionDate "2001.11.25"]
[SourceQuality "1"]

1. Nf3 d6 2. d4 Bg4 3. Bg5 Nd7 4. e3 c5 5. Be2 Qa5+ 6. Qd2 Qb6 7. 0-0 Ngf6 8. Nc3 g6 9. Bb5 Bg7 10. Bxf6 Bxf6 11. Nd5 Qd8 12. Nxf6+ exf6 13. dxc5 dxc5 14. Rfd1 Qe7 15. Qa5 0-0 16. Bxd7 Bxd7 17. Qc7 Rfd8 18. Rd2 Qe8 19. Rad1 Rac8 20. Rxd7 Rxc7 21. Rxd8 Kf8 22. Kf1 Rc6 23. Ke2 Rb6 24. b3 Rb5 25. Rxe8+ Kxe8 26. Rd5 Ra5 27. a4 Ke7 28. Kd3 Ke6 29. e4 h6 30. Kc4 b6 31. Kd3 f5 32. c4 fxe4+ 33. Kxe4 f5+ 34. Kd3 Ra6 35. Ne5 b5 36. axb5 Ra2 37. Ke3 Rb2 38. Nd3 Rxb3 39. Rxc5 1-0